000 00759nam a22002057a 4500
008 130821s1969 xxu gr eng
040 _aCo-BoUCM
_bspa
041 0 0 _aeng
100 1 _aGlade, William P.
_9172075
245 1 4 _aThe Latin American economies a study of their institutional evolution
_cWilliam P. Glade.
260 _aNueva York (Estados Unidos)
_bAmerican Book
_c[1969]
300 _axiv, 665 páginas
504 _aIncluye referencias biliográficas.
650 0 4 _aComercio internacional
_911207
650 0 4 _aEconomía
_9174
651 0 _aAmérica Latina
_xCondiciones económicas
_926754
651 0 _aAmérica Latina
_xPolítica económica
_926570
942 _cLIBRO
_2DEWEY
_a7
_e1
_h330.98
_mG542L
999 _c93099
_d93099